00725cam a2200205 a 4500001000800000005001700008008004100025020002200066020002200088040001800110082002300128100002100151245012100172250001300293260005400306300001700360650001000377856006600387856006600453345057620231123050214.0920727s1992 caua b 001 0 eng  a0803947682 (v. 1) a0803948166 (v. 2) aDLCcDLCdDLC00a305.4/09220bELI.1 aBoulding, Elise.14aThe underside of history :ba view of women through time /cElise Boulding ; original line drawings by Helen Redman. aRev. ed. aNewbury Park, Calif. :bSage Publications,c1992. axii, 370 p . 0aWomen41uhttp://www.loc.gov/catdir/enhancements/fy0655/92028926-t.html42uhttp://www.loc.gov/catdir/enhancements/fy0655/92028926-d.html